Zadymiarze na literę ,,M'' Brawl stars 2024 - Statystyki

Ogólne statystyki
  • Ten quiz został rozwiązany 156 razy
  • Średni wynik to 4 z 7
Statystyki odpowiedzi
Rzadkość Zadymiarze na ,,M'' % Poprawnych
Legendarny Meg
77%
Mityczny Mortis
68%
Epicki Mandy
65%
Mityczny Mico
46%
Epicki Maisie
44%
Mityczny Maks
35%
Mityczny Melodie
35%
Nie znaleziono quizów pasujących do podanych kryteriów
Rozkład punktacji
Procent ludzi z każdym wynikiem
Percentyl według liczby udzielonych odpowiedzi
Twoja historia wyników
Nie rozwiązałeś tego quizu